Towards the Problems of Insurance, Insurance Market and International Risks in the Slovak Republic

Saved in:
Bibliographic Details
Main Author: Drugdová, Barbora
Format: Book Chapter
Language:English
Subjects:
Tags: Add Tag
No Tags, Be the first to tag this record!

MARC

LEADER 00000naa a2200000 4500
001 0222653
005 20240502083552.6
041 0 |a eng 
044 |a IN 
245 1 0 |a Towards the Problems of Insurance, Insurance Market and International Risks in the Slovak Republic  |c Barbora Drugdová 
610 2 0 |a poistenie 
610 2 0 |a trh poistný 
610 2 0 |a riziko poistné 
610 2 0 |a poistenie neživotné 
610 2 0 |a Slovensko 
100 1 |a Drugdová, Barbora